| 000 | 00491nam a2200181 4500 | ||
|---|---|---|---|
| 005 | 20251009115428.0 | ||
| 008 | 251007b |||||||| |||| 00| 0 eng d | ||
| 020 | _a9788172345662 | ||
| 041 | _aEnglish | ||
| 082 |
_a158.1 _bMUR |
||
| 100 |
_aMurphy Joseph _9213639 |
||
| 245 |
_aThe Power of Your Subconscious Mind _b:Unlock Your Master Key to Success |
||
| 260 |
_bFingerprint _c2025 |
||
| 300 | _a256 | ||
| 365 |
_b285.72 _cRs.00 |
||
| 650 |
_aApplied Psycology _9213640 |
||
| 942 | _cBK | ||
| 999 |
_c367954 _d367954 |
||